000 00942nam a2200229 a 4500
001 BRCA_1340
005 20190320203401.0
008 950309s1994 mx-a---##b---f000-0#spa-#
040 _aDLC
_cDLC
_dDLC
050 4 _aND1460
_b.P56 1994
245 1 0 _aPinturerías
_bel arte del arte taurino.
260 _a[México]
_bFundación Cultural Artención
_c[1994]
300 _a159 p.
_bil. (algunas a color)
_c30 cm.
500 _aCatálogo de la exposición realizada en el Museo del Palacio de Bellas Artes, Sala Diego Rivera (Ciudad de México), noviembre 1994 - enero 1995
504 _aBibliografía: p. 159
610 2 4 _aFundación Cultural Artención
_94385
650 1 4 _aCorridas de toro en arte
_vExposiciones
_94386
650 1 4 _aPintura mexicana
_vExposiciones
_ySiglo XX
_94387
650 1 4 _aCarteles mexicanos
_vExposiciones
_ySigloa XIX a XX
_94388
650 1 4 _aCorridas de toros
_vExposiciones
_xCarteles
_zMéxico
_94389
942 _2lcc
_cB
999 _c1203
_d1203